000 00544nam a2200193Ia 4500
005 20250507130311.0
008 008 250505s9999 xx 000 0 eng d
037 _aSeries Article
040 _aEASL
_beng
_cEASL
041 _aeng
_2eng
084 _qEASL
100 _aNundy Madhurima
_9674561
245 0 _aTransformation of health insurance schemes in China: Lessons for access
260 _aUK
_bLondon Sage Publications
_c2014
300 _a31-43 Pp.
650 _aChina
942 _cSRA
999 _c1318864
_d1318864